000 00647nam a2200229 i 4500
001 60174
003 ES-MaACL
005 20230906164153.0
007 t|
008 031103s1981 sp d |||| | spa d
020 _a84-7304-062-7
080 _a002(091)(038)
080 _a655.11(038)
100 1 _aEroles, Emili.
_947419
245 1 0 _aDiccionario histórico del libro /
_cEmili Eroles.
260 _aBarcelona :
_bMillá,
_c1981.
300 _a332 p. ;
_c24 cm.
504 _aBibliografía: p. 327-329.
650 4 _aLibros-
_vHistoria-
_vDiccionarios.
_9148634
650 4 _aImprenta-
_vDiccionarios.
_9148635
852 _aES-MaACL
_jG-1680
999 _c60174
_d60174